| 000 | 01263cam a22002651i 4500 | ||
|---|---|---|---|
| 003 | SA-RiAUC | ||
| 005 | 20250901040932.0 | ||
| 008 | 250212s1964 ua g 00010cara c | ||
| 040 |
_aSA-MdTU _bara _cSA-RiAUC _erda |
||
| 082 | 0 | 4 |
_a922.58 _qSA-RiAUC |
| 090 |
_a922.58 _bت ا ج |
||
| 100 | 1 |
_aتاج الدين السبكي، عبد الوهاب بن علي بن عبد الكافي، _d727-771 هجري _eمؤلف. |
|
| 245 | 1 | 0 |
_aطبقات الشافعية الكبرى / _cلتاج الدين أبي نصر عبد الوهـاب بن علي بن عبد الكافي السبكي ؛ تحقيق محمود محمد الطناحي، عبد الفتاح محمد الحلو. |
| 250 | _aمتعدد الطبعات. | ||
| 264 | 1 |
_aالقاهرة : _bهجر للطباعة و النشر، _c1992. |
|
| 300 |
_a9 مجلد ؛ _c24 سم |
||
| 336 |
_aنص _btxt _2rdacontent _3كتاب |
||
| 337 |
_aبدون وسيط _bn _2rdamedia |
||
| 338 |
_aمجلد _bnc _2rdacarrier |
||
| 650 | 7 |
_aالفقهاء الشافعية _vتراجم _2aucsh |
|
| 700 | 1 |
_aالطناحي، محمود محمد، _d1935-1999 _eمحقق. |
|
| 700 | 1 |
_aالحلو، عبد الفتاح محمد، _d1937-1994 _eمحقق. |
|
| 942 |
_2ddc _cBOOK _n0 |
||
| 949 |
_aSA-JeALM _d250212 _ueid123 _n1 |
||
| 999 |
_c11320 _d11320 |
||